Las Vegas Hotels - Statistics

General Stats
  • This quiz has been taken 840 times
  • The average score is 15 of 32
Answer Stats
Hotel Name % Correct
Bellagio
78%
Luxor
78%
New York New York
75%
Paris
75%
MGM Grand
74%
The Venetian
73%
Ceasar's Palace
71%
Mandalay Bay
70%
Wynn
66%
Circus Circus
63%
Flamingo
62%
Excalibur
61%
The Mirage
60%
Treasure Island
60%
Aria
55%
Planet Hollywood
50%
Cosmopolitan
48%
Tropicana
43%
Encore
42%
Bally's
41%
The Palazzo
40%
Harrah's
36%
Monte Carlo
34%
The LINQ
29%
Vdara
20%
Delano
17%
The Cromwell
17%
Riviera
13%
Four Seasons
12%
Casino Royale
11%
Mandarin Oriental
11%
SLS
11%
No matching quizzes found
Score Distribution
Percent of People with Each Score
Percentile by Number Answered
Your Score History
You have not taken this quiz